UK Political Party Leaders 2021 - Statistics

General Stats
  • This quiz has been taken 40 times
    31 since last reset
  • The average score is 7 of 16
Answer Stats
Party Answer % Correct
Conservative Party Boris Johnson
100%
Labour Party Keir Starmer
96%
SNP Nicola Sturgeon
96%
Reform UK Nigel Farage
84%
Liberal Democrats Ed Davey
76%
DUP Arlene Foster
52%
Green Party Siân Berry
44%
Sinn Féin Mary Lou McDonald
32%
Alliance Party Naomi Long
24%
SDLP Colum Eastwood
20%
Green Party Jonathan Bartley
12%
Scottish Green Party Patrick Harvie
8%
Plaid Cymru Adam Price
4%
Scottish Green Party Lorna Slater
4%
UKIP Neil Hamilton
0%
Ulster Unionist Party Steve Aiken
0%
No matching quizzes found
Score Distribution
Percent of People with Each Score
Percentile by Number Answered
Your Score History
You have not taken this quiz since the last reset